000
00471nam a2200145Ia 4500
008
100204s9999 xx 000 0 und d
082
_b
18657
100
_a
काळे किशोर शांताबाई
245
_a
आई तुझ लेकरु
260
_b
"आपलं प्रकाशन, मुंबई"
_c
1995
300
_a
56
630
_a
आई तुझ लेकरु
730
_a
आई तुझ लेकरु
942
_c
BOOK
999
_c
463080
_d
463077